| 000 | 01008cam a2200349 a 4500 | ||
|---|---|---|---|
| 001 | 5744 | ||
| 003 | FISKH | ||
| 005 | 20250827145345.0 | ||
| 008 | 991008s2001 nyua b 000 1 eng | ||
| 010 | _a 99052812 | ||
| 020 | _a0439183006 | ||
| 020 | _a9780439183000 | ||
| 040 |
_aDLC _cDLC _dDLC _beng |
||
| 050 | _aPZ7.B75235 | ||
| 082 | _a509 | ||
| 100 | 1 | _aBridwell, Norman. | |
| 245 | 1 | 0 |
_aClifford's valentines / _cby Norman Bridwell. |
| 260 |
_aNew York : _bScholastic, _c2001. |
||
| 300 |
_a32 unnumbered pages : _bcolor illustrations ; _c23 cm |
||
| 440 | 0 |
_aHello reader! _nLevel 1 |
|
| 500 | _a"Cartwheel books." | ||
| 505 | _aE | ||
| 520 | _aClifford, the big red dog, makes a snowy valentine for his friends. | ||
| 521 |
_a180
_bLexile |
||
| 521 |
_aE
_bRaz-Plus |
||
| 650 | 1 |
_aValentines _vFiction. |
|
| 650 | 1 |
_aValentine's Day _vFiction. |
|
| 650 | 1 |
_aDogs _vFiction. |
|
| 906 |
_a7 _bcbc _corignew _d1 _eocip _f19 _gy-gencatlg |
||
| 942 |
_2ddc _cBK _n0 |
||
| 999 |
_c5744 _d5744 |
||